[Event "EU School-ch U09 Girls"]
[Site "Budva"]
[Date "2017.06.14"]
[Round "4"]
[White "Akulich, Mariya"]
[Black "Kudryavtseva, Lidiya"]
[Result "0-1"]
[WhiteElo "1111"]
[BlackElo "1156"]
[PlyCount "62"]
[EventDate "2017.06.11"]
[EventType "swiss"]
[EventRounds "9"]
[EventCountry "MNE"]
[SourceTitle "EXT 2024"]
[Source "ChessBase"]
[SourceDate "2023.10.10"]
[SourceVersion "1"]
[SourceVersionDate "2023.10.10"]
[SourceQuality "1"]

1. d4 d5 2. Nf3 Nf6 3. c4 e6 4. Nc3 c6 5. Bg5 dxc4 6. e4 Be7 7. Bxf6 Bxf6 8. Bxc4 0-0 9. 0-0 Qb6 10. Bb3 c5 11. dxc5 Qxc5 12. e5 Bxe5 13. Nxe5 Qxe5 14. Qe2 Qxe2 15. Nxe2 Nc6 16. h3 b6 17. Rac1 Ne7 18. Rc7 Ng6 19. Bc2 Ba6 20. Re1 Rac8 21. Rxc8 Rxc8 22. Bxg6 hxg6 23. Nc3 Bc4 24. a3 Rd8 25. Re4 Bb3 26. Rb4 Bc2 27. Rc4 Rd7 28. Nb5 Bd3 29. Rb4 a5 30. Rb3 Bc4 31. Rc3 Bxb5 0-1

[Event "EU School-ch U09 Girls"]
[Site "Budva"]
[Date "2017.06.11"]
[Round "1"]
[White "Zavivaeva, Evelina"]
[Black "Akulich, Mariya"]
[Result "1-0"]
[WhiteElo "1338"]
[BlackElo "1111"]
[PlyCount "59"]
[EventDate "2017.06.11"]
[EventType "swiss"]
[EventRounds "9"]
[EventCountry "MNE"]
[SourceTitle "EXT 2024"]
[Source "ChessBase"]
[SourceDate "2023.10.10"]
[SourceVersion "1"]
[SourceVersionDate "2023.10.10"]
[SourceQuality "1"]

1. e4 c6 2. d4 d5 3. exd5 cxd5 4. Bd3 Nf6 5. Bf4 Nc6 6. c3 Bg4 7. Qb3 b6 8. Nd2 e6 9. Ngf3 Bd6 10. Ne5 Qc7 11. Bb5 Bxe5 12. Bxe5 Qc8 13. Qa4 0-0 14. Bxc6 Rb8 15. Bxb8 Qxb8 16. 0-0 a5 17. Bb5 e5 18. dxe5 Qxe5 19. Rfe1 Qb8 20. Re3 h6 21. Rc1 Ne4 22. Nxe4 dxe4 23. Qxe4 Be6 24. Rg3 Rd8 25. Bc4 Qd6 26. Bxe6 fxe6 27. Qg4 Qc7 28. Qxe6+ Kh8 29. Qg6 Qd7 30. h4 1-0